000 00463nam a2200157Ia 4500
008 220204s9999 xx 000 0 und d
082 _a577.122
_bMOR
245 0 _aBiology of heat shock proteins and molecular chaperones
260 _aNew York
_bCold spring harbor laboratory press
_c1994
490 _aMonograph 26
650 _aSignal transduction
650 _aStress physiology
650 _aStress proteins
700 _aMorimoto, Richard I
942 _cBK
999 _c40830
_d40830